| 000 | 00686nam a2200229 a 4500 | ||
|---|---|---|---|
| 999 |
_c2520 _d2520 |
||
| 001 | 2520 | ||
| 003 | BD-JhCC | ||
| 005 | 20210329134018.0 | ||
| 008 | 171104s2003 bg |||| ||a| 000 0 ben d | ||
| 020 | _a9848682333 | ||
| 035 | _a(BD-JhCC)2520 | ||
| 040 |
_aBD-JhCC _dBD-JhCC |
||
| 041 | _aben | ||
| 082 |
_a891.4409 _bAHM 2003 |
||
| 100 | _aআহমেদ, হুমায়ূন | ||
| 245 |
_aকাক ও কাঠগোলাপ / _cহুমায়ূন আহমেদ, |
||
| 260 |
_aঢাকা : _bঅন্যপ্রকাশ, _c2003 |
||
| 300 |
_a7 p. : _c26 cm. |
||
| 650 |
_aJubinile Literaure _xBangladesh Literature |
||
| 942 |
_2ddc _cBK _02 |
||